ბათუმის შოთა რუსთაველის სახელმწიფო უნივერსიტეტის ბიბლიოთეკა

სტატისტიკური ინფორმაციის დამუშავების პროგრამული უზრუნველყოფა (ბიბ.ჩანაწერი № 47808)

000 -LEADER
fixed length control field 00858nam a2200217Ia 4500
001 - CONTROL NUMBER
control field 14682
003 - CONTROL NUMBER IDENTIFIER
control field GE_BSU
008 - FIXED-LENGTH DATA ELEMENTS--GENERAL INFORMATION
fixed length control field 181216s||||||||xx |||||||||||||| ||und||
020 ## - INTERNATIONAL STANDARD BOOK NUMBER
International Standard Book Number 9789941146060
040 ## - CATALOGING SOURCE
Transcribing agency GE_BSU
080 ## - UNIVERSAL DECIMAL CLASSIFICATION NUMBER
Universal Decimal Classification number 004(075.8)
100 ## - MAIN ENTRY--PERSONAL NAME
Personal name ოთხოზორია,ნ.
245 ## - TITLE STATEMENT
Title სტატისტიკური ინფორმაციის დამუშავების პროგრამული უზრუნველყოფა
260 ## - PUBLICATION, DISTRIBUTION, ETC.
Place of publication, distribution, etc. თბილისი
260 ## - PUBLICATION, DISTRIBUTION, ETC.
Name of publisher, distributor, etc. ტექნიკური უნ-ტი
260 ## - PUBLICATION, DISTRIBUTION, ETC.
Date of publication, distribution, etc. 2009
300 ## - PHYSICAL DESCRIPTION
Extent 69გვ.
520 ## - SUMMARY, ETC.
Summary, etc. ქსეროასლი
653 ## - INDEX TERM--UNCONTROLLED
Uncontrolled term სტატისტიკური ინფორმაციის დამუშავების პროგრამული უზრუნველყოფა
942 ## - ADDED ENTRY ELEMENTS (KOHA)
Koha item type წიგნი
ეგზემპლარები
Withdrawn status Lost status Damaged status Not for loan Date acquired Barcode Date last seen Price effective from Koha item type
        2018-12-17 5- ქსეროასლი 2018-12-17 2018-12-17 წიგნი